Quick Pick: Count to 20 in Spanish Quiz Stats

 Plays Quiz Updated May 4, 2018

Score 0/20 Timer 01:30
3 Plays Today
% Correct
uno
99%
dos
97.3%
tres
94.3%
cuatro
93%
cinco
92.8%
seis
91.8%
siete
91.2%
nueve
91.1%
ocho
90.5%
diez
86.8%
% Correct
trece
86.3%
once
85.4%
doce
84.7%
diecinueve
83.3%
dieciocho
82.4%
quince
82%
catorce
81%
diecisiete
80.9%
veinte
80.5%
dieciséis
76.8%

Today's Daily Dose

Missing Word
Christopher Lee

You're not logged in!

Compare scores with friends on all Sporcle quizzes.
OR
Log In

Show Comments

Extras

Top Quizzes Today


Score Distribution

Your Account Isn't Verified!

In order to create a playlist on Sporcle, you need to verify the email address you used during registration. Go to your Sporcle Settings to finish the process.

Report this User

Report this user for behavior that violates our Community Guidelines.

Details: